000 00347nam a22001457a 4500
008 230428b ||||| |||| 00| 0 eng d
020 _a9781891438004
041 _aeng
080 _2FIRST EDITION
_a038
082 _a038BET
100 _a40
101 _aFJALOR
245 _aWINNING THE FUTURE THROUGH EDUCATION
_cBETANCES.S
942 _2udc
_cBK
999 _c59640
_d59640